| 000 | 01195cab a2200289 4500 | ||
|---|---|---|---|
| 001 | ABS49950 | ||
| 008 | 090401t1994 xxu||||| |||| 00| 0 eng d | ||
| 035 | _a(Sirsi) u73452 | ||
| 041 | _aeng | ||
| 100 | _aOstler, T. | ||
| 245 | _aArchitects in the dock over listing | ||
| 260 | _c1994 | ||
| 350 | _a0 | ||
| 490 |
_aArchitects` Journal _v199(4) 26 January 1994, 15-17(3) |
||
| 520 | _aThree articles looking at the role of architects in building conservation in the light of a recent case where an architect faces a criminal conviction relating to work on a listed building. Covers the shortcomings of professional indemnity insurance when defending against building related prosecutions and the current role of English Heritage in listed building cases and considers the pitfalls of trying to save a listed building. | ||
| 650 | _aBUILDING CONSERVATION | ||
| 650 | _aCRIMINAL PROSECUTION | ||
| 650 | _aENGLISH HERITAGE | ||
| 650 | _aLISTED BUILDINGS | ||
| 650 | _aPROFESSIONAL INDEMNITY INSURANCE | ||
| 650 | _aPROFESSIONAL INDEMNITY INSURANCE | ||
| 690 | _aCONSERVATION | ||
| 690 | _aPROFESSIONAL PRACTICE | ||
| 700 | _aArnold, D. | ||
| 942 | _n0 | ||
| 948 | _c04/03/1997 | ||
| 999 |
_c46428 _d46428 |
||